Name every England test Cricketer since 2000 - Statistics

General Stats
  • This quiz has been taken 388 times
  • The average score is 77 of 127
Answer Stats
Hint Answer % Correct
2013-2022 (83) Current test captain Ben Stokes
96%
2003-2022 (172) All time leading wicket taker James Anderson
95%
2012-2022 (121) Most recent former test captain Joe Root
95%
2007-2022 (156) Former white ball captain, 8-15 spell Stuart Broad
95%
2012-2022 (87) Recently (July 2022) hit 4 test 100s in a row Jonny Bairstow
92%
2003 (1) Lancashire seamer Kabir Ali
91%
2014-2021 (64) Spinner, remains in the ODI and T20 squads Moeen Ali
91%
2006-2018 (161) Legendary captain and Sir Sir Alistair Cook
91%
2019-2021 (13) Bowled the World Cup Final super over Jofra Archer
88%
2014-2022 (57) Current white ball captain Jos Buttler
88%
1989-2001 (115) Opening batsman Michael Atherton
87%
1990-2004 (96) Former captain Nasser Hussain
87%
1998-2009 (79) Now a very famous presenter Andrew Flintoff
86%
2004-2015 (118) Top order batsman Ian Bell
86%
2005-2014 (104) South African born batsman turned commentator Kevin Pietersen
86%
2004-2012 (100) Opening batsman and former Director of cricket Andrew Strauss
85%
2013-2022 (45) Highly capped ODI bowler Chris Woakes
85%
1994-2003 (37) One of three first class cricket brothers John Crawley
85%
2019-2022 (25) Opening batsman Zak Crawley
85%
2015-2019 (19) Leg spinner part of the 2019 World cup squad Adil Rashid
84%
2010-2012 (16) Irish born, white ball captain from 2015 Eoin Morgan
84%
2018-2022 (26) Glasses wearing spinner Jack Leach
84%
2018-2022 (14) Wicketkeeper Ben Foakes
83%
2017 (4) Medium right arm bowler Toby Roland Jones
82%
2019 (5) 2019 World Cup opener Jason Roy
81%
2015-2022 (26) Fast bowler playing in all formats Mark Wood
81%
2018-2022 (24) Test playing cricketing brother Sam Curran
81%
2017-2018 (2) White ball cricketing brother Tom Curran
81%
2004-2006 (34) Also played for Papua New Guinea Garaint Jones
80%
2018-2022 (27) Batsman and occasional wicketkeeper Ollie Pope
80%
2002-2005 (18) Welsh with a test playing father in the 60s Simon Jones
80%
1999-2008 (82) Captained across all 3 formats Michael Vaughan
79%
2008-2013 (60) Off spinner and capable lower order batsman Graeme Swann
78%
2018-2022 (32) Surrey captain Rory Burns
78%
2014-2015 (8) Barbados born fast bowler, remains in white ball squads Chris Jordan
77%
2009-2015 (52) South African born and at youth level Jonathon Trott
77%
2000-2006 (76) Somerset and temporary England captain Marcus Trescothick
76%
2002-2009 (62) Durham and Yorkshire fast bowler Steve Harmison
75%
1994-2003 (58) Spearhead of 90s bowling attack Darren Gough
73%
2007-2014 (79) South African born wicketkeeper Matt Prior
73%
2006-2013 (50) Left arm spinner Monty Panesar
73%
2003-2011 (68) Played in all formats, squad number 5 Paul Collingwood
72%
2000-2008 (67) Right arm fast bowler Matthew Hoggard
71%
2003-2005 (15) Current managing director of England Rob Key
70%
1998-2006 (54) Hip injury forced him into retirement Ashley Giles
69%
1991-2002 (52) Strictly Come Dancing winner Mark Ramprakash
69%
2021-2022 (9) Sussex right handed batsman Ollie Robinson
69%
2010-2016 (36) Bowler, Middlesex's youngest ever cricketer Steven Finn
69%
2015-2016 (11) Nottinghamshire opening batsman Alex Hales
68%
2016 (4) Left handed batsman and sometimes wicketkeeper Ben Duckett
68%
2016-2017 (4) Nottinghamshire fast bowler Jake Ball
68%
1997-2004 (71) Surrey left handed batsman Mark Butcher
66%
2005-2014 (13) Fast bowler, part of 2019 World Cup squad Liam Plunkett
65%
2014-2017 (23) Zimbabwe born left handed batsman Gary Ballance
64%
1990-2001 (42) Left arm spinner Phil Tufnell
64%
1993-2005 (100) Surrey Middle order batsman Graham Thorpe
63%
2022 (4) Durham fast bowler Matthew Potts
63%
1993-2003 (62) Fast bowler with 13 fifers Andrew Caddick
62%
2016-2018 (13) Used as sub fielder in 2019 World Cup James Vince
62%
2001-2010 (22) Over 1,000 career wickets Ryan Sidebottom
62%
2019-2021 (22) Warwickshire batsman Dominic Sibley
61%
1991-2001 (65) Zimbabwean-born Graeme Hick
61%
2009-2012 (9) Bowler, vegetable surname Graham Onions
61%
2007-2013 (12) 6'7 Medium bowler Chris Tremlett
60%
2012-2015 (6) Dropped from ODI squad due to low fitness Samit Patel
60%
2007-2012 (13) Top order batsman turned all rounder Ravi Bopara
59%
2017-2022 (22) Often white ball batsman Dawid Malan
58%
2012-2016 (16) Part of a cricketing family, starting from his grandfather Nick Compton
58%
2009-2013 (23) Warwickshire fast medium bowler Tim Bresnan
58%
1995-2002 (37) Renowned for swing and seam control Dominic Cork
57%
2006-2007 (8) All format right arm medium Sajid Mahmood
57%
2022 (3) Kent wicketkeeper Sam Billings
57%
2022 (2) Right arm fast bowler Saqib Mahmood
57%
2006 (1) Shares name with a department store Jon Lewis
56%
2017-2022 (8) All rounder, Bowls medium fast Craig Overton
55%
2022 (1) Surrey right arm fast bowler Jamie Overton
55%
2019-2021 (3) Warwickshire right hander Ollie Stone
55%
1996-2001 (21) Welsh off-spinner Robert Croft
54%
2016-20222 (10) Nottinghamshire batsman Haseeb Hameed
53%
2001 (5) Sky sports commentator and presenter Ian Ward
53%
2019-2020 (15) Kent right handed batsman Joe Denly
53%
2016-2019 (17) Lancashire opening batsman Keaton Jennings
53%
2022 (7) Opening batsman Alex Lees
52%
2010-2014 (6) Left handed opening batsman Michael Carberry
52%
1994-2002 (30) Yorkshire all rounder with 51 ODIs Craig White
51%
2003-2016 (9) Spin bowler and Surrey captain Gareth Batty
51%
2015 (7) Left handed opener Adam Lyth
50%
2021-2022 (11) Right handed middle order batsman Dan Lawrence
50%
2022 (1) White ball spinner Matt Parkinson
50%
1998-2002 (10) Shares surname with a famous Monarch Alex Tudor
49%
2016-2017 (3) Batsman and spinner in all 3 formats Liam Dawson
49%
2017-2018 (11) Left handed opening batsman Mark Stoneman
49%
2001-2003 (7) Yorkshire off spinner and later coach Richard Dawson
49%
1999-2007 (15) Nottinghamshire wicketkeeper Chris Read
48%
2008 (1) Shock inclusion against South Africa Darren Pattinson
48%
2018 (1) Hampshire leg break spinner Mason Crane
48%
2009 (1) Has also played internationally for Denmark Amjad Khan
47%
1996-2002 (6) Former England head coach Chris Silverwood
45%
2014 (1) Played internationally for Ireland Boyd Rankin
44%
2018-2021 (14) All rounder bowling off break Dom Bess
44%
1992-2000 (15) Sussex leg spinner Ian Salisbury
44%
2014 (7) Played u-19 cricket for Australia Sam Robson
44%
2012-2016 (7) Batsman and occasional leg break bowler James Taylor
43%
2006-2009 (6) Pakistani born middle order batsman Owais Shah
41%
2022 (1) Yorkshire fast bowler Matthew Fisher
39%
2008-2009 (11) Australian born, played for England in all formats Tim Ambrose
39%
2021 (2) Gloucestershire wicketkeeper James Bracey
38%
2003 (2) Both against Bangladesh Rikki Clarke
38%
2010-2015 (2) Kent all-rounder James Tredwell
37%
1995-2001 (19) Played for Australia at youth level Alan Mullally
36%
2001-2002 (7) Cricket coach and former wicketkeeper James Foster
36%
2017 (5) Top order batsman Tom Westley
34%
2003 (3) Current Middlesex coach Richard Johnson
33%
1993-2003 (4) 114 matches between his 2nd and 3rd test Martin Bicknell
32%
2014 (1) Current Durham captain Scott Borthwick
32%
2016 (3) Surrey spin bowling all rounder Zafar Ansari
31%
2013 (1) Left arm orthodox spinner Simon Kerrigan
30%
2003 (4) Right fast medium bowler James Kirtley
29%
2012 (1) Yorkshire bowler and current coach Ajmal Shahzad
28%
2003 (4) Captain of Yorkshire 2003-9 Anthony McGrath
28%
2001 (3) Pakistani born, played all 3 against Australia Usman Afzaal
26%
2000 (2) Lancashire leg spinner Chris Schofield
25%
2003-2004 (3) County cricket umpire Martin Saggers
25%
2001 (2) Bowled fast medium and off spin against India James Ormond
23%
2006-2006 (1) Umpire and former middle order batsman Ian Blackwell
19%
1999-2000 (4) Sussex nicknames the Geezer Ed Giddens
13%
2005-2006 (4) Off spinner played against India and Pakistan Shaun Undal
7%
No matching quizzes found
Score Distribution
Percent of People with Each Score
Percentile by Number Answered
Your Score History
You have not taken this quiz